All UEFA Womens Champions League Winners - Statistics

General Stats
  • This quiz has been taken 45 times
  • The average score is 18 of 24
Answer Stats
Hint Answer % Correct
2006/2007 Arsenal
98%
2024/2025 Arsenal
98%
2020/2021 Barcelona
98%
2022/2023 Barcelona
98%
2023/2024 Barcelona
98%
2010/2011 Lyon
98%
2011/2012 Lyon
98%
2015/2016 Lyon
98%
2016/2017 Lyon
98%
2017/2018 Lyon
98%
2018/2019 Lyon
98%
2019/2020 Lyon
98%
2021/2022 Lyon
98%
2012/2013 Wolfsburg
78%
2013/2014 Wolfsburg
78%
2001/2002 Frankfurt
53%
2005/2006 Frankfurt
53%
2007/2008 Frankfurt
53%
2014/2015 Frankfurt
53%
2009/2010 Turbine Potsdam
40%
2004/2005 Turbine Potsdam
38%
2002/2003 Umeå
30%
2003/2004 Umeå
30%
2008/2009 Duisburg
20%
No matching quizzes found
Score Distribution
Percent of People with Each Score
Percentile by Number Answered
Your Score History
You have not taken this quiz